The forest certification handbook (Record no. 42296)

MARC details
000 -LEADER
fixed length control field 00432nam a2200157Ia 4500
020 ## - INTERNATIONAL STANDARD BOOK NUMBER
ISBN 853832227
082 ## - DEWEY DECIMAL CLASSIFICATION NUMBER
Classification number 630*006.063
Item number UPT
100 ## - MAIN ENTRY--AUTHOR NAME
Personal name Bass, Stephen
245 #4 - TITLE STATEMENT
Title The forest certification handbook
260 ## - PUBLICATION, DISTRIBUTION, ETC. (IMPRINT)
Place of publication UK
Name of publisher Earthscan Publications
Year of publication 1995
650 ## - SUBJECT ADDED ENTRY--TOPICAL TERM
Topical Term Forestry standards
650 ## - SUBJECT ADDED ENTRY--TOPICAL TERM
Topical Term Sustainable forest management
700 ## - ADDED ENTRY--PERSONAL NAME
Personal name Upton, Christopher
942 ## - ADDED ENTRY ELEMENTS (KOHA)
Koha item type Books
Holdings
Withdrawn status Lost status Damaged status Not for loan Home library Current library Date acquired Cost, normal purchase price Full call number Accession Number Koha item type
        RRII Library RRII Library 16/12/2021 35.00 630*006.063 UPT 22570 Books